| 000 | 00744cab a2200229 4500 | ||
|---|---|---|---|
| 001 | WB3430-05 | ||
| 008 | 090401t1998 xxu||||| |||| 00| 0 eng d | ||
| 035 | _a(Sirsi) u87859 | ||
| 041 | _aeng | ||
| 245 | _aBuilding regulations charges | ||
| 260 | _c1998 | ||
| 350 | _a0 | ||
| 490 |
_aDETR News Release _v(665) 31 July 1998 (2) |
||
| 520 | _aLocal authorities are to set their own charges for Building Regulations control functions. This will allow councils to set charges based on their own costs. Details. | ||
| 650 |
_aBUILDING CONTROL _96222 |
||
| 650 |
_aBUILDING REGULATIONS _96224 |
||
| 650 | _aCHARGES | ||
| 650 | _aLOCAL AUTHORITIES | ||
| 690 | _aBUILDING AND CONSTRUCTION-REGULATIONS | ||
| 942 | _n0 | ||
| 948 | _c05/08/1998 | ||
| 999 |
_c55456 _d55456 |
||